00256nam a2200121Ia 4500008004100000100000900041245001700050260002500067300000800092650001000100942000700110999001700117190216s9999||||xx |||||||||||||| ||und|| aNull 0aHindi-Radiya bPragathi Prakashan a280 aHindi cBK c15673d15673